| 000 | 00000nam##2200000za#4500 |
| 001 | 9.570600 |
| 003 | CaOODSP |
| 005 | 20220623092432 |
| 007 | cr ||||||||||| |
| 008 | 150406|1995||||xxc|||||o f|0| 0 eng|d |
| 040 | |aCaOODSP|beng |
| 043 | |an-cn--- |
| 086 | 1 |aC21-23/8E-PDF |
| 110 | 1 |aCanada. |bIndustry Canada. |
| 245 | 10|aMechanisms and practices for the assessment of the social and cultural implications of science and technology : |h[electronic resource]|boccasional paper number 8, July 1995 / |cby Liora Salter. |
| 260 | |aOttawa - Ontario : |bIndustry Canada |cJuly 1995. |
| 300 | |a110p.|bfig., references, tables |
| 490 | 1 |aOccasional paper|vNo. 8 |
| 590 | |a11-09-Supp|b2011-06-30 |
| 720 | 1 |aSalter, Liora |
| 775 | 08|tMécanismes et pratiques d'évaluation des répercussions sociales et culturelles des sciences et de la technologie : |w(CaOODSP)9.601247 |
| 776 | 0#|tMechanisms and practices for the assessment of the social and cultural implications of science and technology / |w(CaOODSP)9.526370 |
| 776 | 0#|tMécanismes et pratiques d'évaluation des répercussions sociales et culturelles des sciences et de la technologie / |w(CaOODSP)9.526371 |
| 830 | #0|aOccasional paper (Canada. Industry Canada)|vNo. 8|w(CaOODSP)9.504752 |
| 856 | 40|ahttp://publications.gc.ca|qPDF|s363 KB|uhttps://publications.gc.ca/collections/Collection/C21-23-8E.pdf|yNo. 8 |